000 00694nam a2200229 a 4500
001 000031978
003 DO-SdBNP
005 20240412074255.0
007 ta
008 110707s1909 dr r 000 0 spa d
040 _aDO-SdBNP
_bspa
_cBNPHU
082 4 _aRD861.4
_bH519d
_222
100 1 _aHenríquez i Carvajal, Federico,
_d1848-1952
_97792
245 1 0 _aDolorosa /
_cFederico Henriquez i Carvajal.
260 _aSanto Domingo :
_bLa Cuna de América ;
_bVda. Roques,
_c1909.
300 _a23 p. ;
_c17 cm.
590 _aInventariado, 2018/VM
650 4 _aPoesía dominicana
_966
650 0 _aLiteratura dominicana.
_967
910 _aValidado. Control de calidad MFF
942 _2ddc
_cLF2
999 _c31469
_d31469